| 000 | 00499nam a22001217a 4500 | ||
|---|---|---|---|
| 040 | _cRUA | ||
| 082 | _aA105 ប្រាជ្ញ 2015 C160 Or.1 | ||
| 100 | _aប្រាជ្ញ វិជ័យ , ឌុំ ដាវុយ,រស់ សុខលៀង, រស់ សុខឡាង | ||
| 245 | _a១០០រឿងដែលគួរយល់ដឹងពីប្រទេសឡាវ | ||
| 260 |
_aPHNOM PENH _bRUA _c2015 |
||
| 300 |
_a184p. _bill. _c22cm. |
||
| 942 | _cអភិវឌ្ឍន៍ | ||
| 999 |
_c25679 _d25679 |
||